Wyznacz wybrzeże państw basenu Morza Śródziemnego - Statystyki

Ogólne statystyki
  • Ten quiz został rozwiązany 3 783 razy
  • Średni wynik to 15 z 29
Odpowiedzi na mapie
Odpowiedzi zakodowano w zielono-czerwonej skali na mapie do tego quizu, zgodnie z poniższymi procentami.
 
Statystyki odpowiedzi
Country % Poprawnych
Hiszpania
100%
Wielka Brytania (Gibraltar)
65%
Francja
54%
Włochy
53%
Bośnia i Hercegowina
52%
Chorwacja
52%
Hiszpania
52%
Monako
52%
Słowenia
52%
Albania
51%
Czarnogóra
51%
Francja
51%
Grecja
51%
Izrael
51%
Turcja
51%
Chorwacja (Dubrownik)
50%
Syria
50%
Egipt
49%
Liban
49%
Libia
49%
Algieria
48%
Maroko
48%
Tunezja
48%
Hiszpania (Melilla)
45%
Maroko
44%
Hiszpania (Peñón de Vélez de la Gomera)
43%
Maroko
43%
Maroko
43%
Hiszpania (Ceuta)
42%
Nie znaleziono quizów pasujących do podanych kryteriów
Rozkład punktacji
Procent ludzi z każdym wynikiem
Percentyl według liczby udzielonych odpowiedzi
Twoja historia wyników
Nie rozwiązałeś tego quizu